000 00514nam a2200193Ia 4500
003 OSt
005 20220107122657.0
008 130318s9999 xx 000 0 und d
020 _a9781439829356
040 _cIIITMK
082 _a621.367 MUK/I
100 _aMukhopadhyay, Jayanta
_916920
245 _aImage and video processing in the compressed domain
260 _bCRC Press
_aBoca Raton
_c2011
300 _a268
_eCD ROM
650 _aIMAGE COMPRESSION
_916921
650 _aMATLAB
_916922
942 _2ddc
_cBK
999 _c2372
_d2372